[Event "ROM-ch U12"]
[Site "Calimanesti"]
[Date "2015.04.06"]
[Round "9"]
[White "Cavasi, Eduard Paul"]
[Black "Juravle, Stefan"]
[Result "1-0"]
[WhiteElo "1126"]
[BlackElo "1182"]
[PlyCount "51"]
[EventDate "2015.03.30"]
[EventType "swiss"]
[EventRounds "9"]
[EventCountry "ROU"]
[SourceTitle "CBM 165 Extra"]
[Source "ChessBase"]
[SourceDate "2015.04.21"]
[SourceVersion "1"]
[SourceVersionDate "2015.04.21"]
[SourceQuality "1"]

1. e4 Nf6 2. Nc3 g6 3. Nf3 Bg7 4. d4 0-0 5. Bg5 d6 6. Bc4 a6 7. 0-0 b5 8. Bd3 Bb7 9. a3 Nbd7 10. Qd2 c5 11. d5 c4 12. Be2 Nc5 13. Qe3 a5 14. Nd2 Qd7 15. f3 Rad8 16. Kh1 Rfe8 17. Bh6 b4 18. axb4 axb4 19. Na2 c3 20. bxc3 bxc3 21. Nxc3 Ra8 22. Bxg7 Kxg7 23. Bb5 Qc8 24. Bxe8 Qxe8 25. Rxa8 Qxa8 26. Rb1 1-0

[Event "ROM-ch U12"]
[Site "Calimanesti"]
[Date "2015.03.31"]
[Round "2"]
[White "Purece, Victor"]
[Black "Cavasi, Eduard Paul"]
[Result "1-0"]
[WhiteElo "1468"]
[BlackElo "1126"]
[PlyCount "111"]
[EventDate "2015.03.30"]
[EventType "swiss"]
[EventRounds "9"]
[EventCountry "ROU"]
[SourceTitle "CBM 165 Extra"]
[Source "ChessBase"]
[SourceDate "2015.04.21"]
[SourceVersion "1"]
[SourceVersionDate "2015.04.21"]
[SourceQuality "1"]

1. d4 d5 2. c4 e6 3. Nc3 Nf6 4. cxd5 exd5 5. Bg5 Bb4 6. e3 h6 7. Bh4 0-0 8. Qb3 Bxc3+ 9. Qxc3 Be6 10. Nf3 Nbd7 11. Be2 c6 12. 0-0 Qc7 13. Rac1 Rac8 14. b4 Ra8 15. b5 Rfc8 16. bxc6 Qxc6 17. Qxc6 Rxc6 18. Rxc6 bxc6 19. Rc1 Rc8 20. Ba6 Rb8 21. Rxc6 Nb6 22. Bg3 Re8 23. Ne5 Re7 24. Nd3 Nc4 25. Nc5 Na5 26. Rc7 Rxc7 27. Bxc7 Nc6 28. a3 Nd7 29. Bb5 Ncb8 30. Kf1 Kf8 31. Bd6+ Ke8 32. Bxb8 Ke7 33. Nxd7 Bxd7 34. Bxd7 Kxd7 35. Bxa7 Kc6 36. Ke2 Kb5 37. Kd3 Ka4 38. Bc5 Kb3 39. e4 dxe4+ 40. Kxe4 Kc4 41. Bb4 Kb5 42. d5 Kb6 43. Ke5 Kc7 44. d6+ Kd7 45. a4 h5 46. a5 Kc8 47. a6 Kb8 48. a7+ Kxa7 49. d7 Kb6 50. d8Q+ Kb5 51. Qe7 g5 52. Qc5+ Ka4 53. Bd2 Kb3 54. Bxg5 f5 55. Kxf5 h4 56. Bxh4 1-0